000 00813pam a2200277 i 4500
001 3247
005 20250826101217.0
020 _a0590401092
040 _aDLC
_cDLC
_dDLC
_beng
050 0 0 _aPZ7.L7795
082 0 0 _a813.54
100 1 _aLobel, Arnold
245 1 0 _aDays with Frog and Toad /
_cby Lobel, Arnold
260 _aNew York :
_bScholastic ,
_c1979
300 _a64 pages :
_bcolor illustrations ;
_c22 cm.
490 0 _a Frog and Toad
505 _aJ
520 _aFrog and Toad spend their days together, but find sometimes it's nice to be alone.
521 _a490
_bLexile
521 _aJ
_bRaz-Plus
650 1 _aFrogs
_xFiction
650 1 _aToads
_xFiction
650 1 _aFriendship
_xFiction
906 _a7
_bcbc
_corignew
_d1
_eocip
_f19
_gy-gencatlg
942 _2ddc
_cBK
_n0
999 _c3247
_d3247